| 000 | 00959nam a22002537a 4500 | ||
|---|---|---|---|
| 999 |
_c17407 _d17407 |
||
| 003 | AR-CdUCM | ||
| 008 | 190508b ||||| |||| 00| 0 spa d | ||
| 040 |
_aMUNICIPALIDAD PROVINCIAL DEL CUSCO _cBIBLIOTECA MUNICIPAL DEL CUSCO |
||
| 041 | _hita | ||
| 082 |
_a152 / _bM62 |
||
| 100 |
_aMiotto, Antonio _916937 |
||
| 245 | _aLas crisis del hombre y de la mujer / | ||
| 260 |
_aMéxico : _bUTEHA, _c1961. |
||
| 300 |
_aV, 206 páginas ; _c18 cm. |
||
| 440 |
_aManuales UTEHA. _n53 / 53a _937403 |
||
| 440 |
_aSección / Psicología. _n8 _923462 |
||
| 505 | _aContenido: La crisis de la adolescencia -- Las cuatro crisis del hombre -- Las cinco crisis de la mujer -- La vida comienza a los sesenta años -- Las sugestiones que pueden ser útiles a todos. | ||
| 650 |
_aAdolescencia _9127 |
||
| 650 |
_aPsicología _91538 |
||
| 650 |
_aCrisis _96852 |
||
| 700 |
_aHerrera, Tarsicio (traducción) _925050 |
||
| 942 |
_2ddc _cLIBROS |
||
| 945 |
_aachl _d2019-05-08 |
||